000 00402nam a2200181Ia 4500
001 17593
005 20260306171528.0
008 260306s9999||||xx |||||||||||||| ||und||
041 _aESP
082 _a658.05
_bR28
100 _aRayport, Jeffrey F.
_eAUT
245 0 _aE-Commerce
260 _c2003
300 _a493 páginas :
_c
650 _aGEN
654 _aCAN
942 _cLIB
_dJUS
_fJUS
_2ddc
_n
999 _c17593
_d17593